| 000 | 005460000a22001810004500 | ||
|---|---|---|---|
| 003 | MACL | ||
| 005 | 20160303123035.0 | ||
| 008 | 160303b xxu||||| |||| 00| 0 eng d | ||
| 040 |
_aMACL _cMACL |
||
| 041 | _aHindi | ||
| 082 | _a891.431 | ||
| 100 |
_aमडबैया कैलाश _942334 |
||
| 245 | _aमहक माटी की | ||
| 260 |
_bजिला हिन्दी साहित्य सम्मेलन _c1988 _aछतरपुर |
||
| 350 | _a31 | ||
| 650 |
_aPoetry _942338 |
||
| 942 |
_cHIN _k891.431 _2ddc |
||
| 999 |
_c28666 _d28666 |
||